000 01045nam a2200301Ia 4500
001 Para_6051
003 CHAP
008 220125s1991 xx 000 0 und d
010 _a204831
040 _cCHAP
090 _aPA TESIS 643
100 _aArmenta Sandoval, Artemio René
_97194
245 _aSituación actual de la sigatoka negra del plátano Mycosphaerella fijiensis var. Difformis Mulder y Stover en México /
_c por Artemio René Armenta Sandoval
260 _aChapingo, Méx. :
_b el autor
300 _a90 h.
502 _aTesis (Ing. Agr. Esp. en Parasitología Agrícola) -- UACh. Departamento Parasitología Agrícola
650 _aMycosphaerella fijiensis
_979933
650 _aPlátano
_x enfermedades
_989231
650 _aPlátano
_x México
_989253
710 _aUACh. Departamento Parasitología Agrícola
_9164025
901 _aPA TESIS 643
902 _aA
905 _a0000001991 a 0000000000 00
910 _a1991
942 _cPARA
942 _cPARA
_d1
999 _c204831
_d204831